Vande Mataram dinda Janaganamana davarege. (Record no. 96496)

MARC details
000 -LEADER
fixed length control field 01621nam a2200217Ia 4500
003 - CONTROL NUMBER IDENTIFIER
control field OSt
005 - DATE AND TIME OF LATEST TRANSACTION
control field 20260509113537.0
008 - FIXED-LENGTH DATA ELEMENTS--GENERAL INFORMATION
fixed length control field 210210b2000 xxu||||| |||| 00| 0 eng d
040 ## - CATALOGING SOURCE
Transcribing agency AL
041 ## - LANGUAGE CODE
Language code of text/sound track or separate title Kannada
082 ## - DEWEY DECIMAL CLASSIFICATION NUMBER
Classification number 954.84K DESV
100 ## - MAIN ENTRY--PERSONAL NAME
Personal name DESAI (V H).
Dates associated with a name ದೇಸಾಯಿ (ವಿ ಎಚ್)
9 (RLIN) 263733
245 ## - TITLE STATEMENT
Title Vande Mataram dinda Janaganamana davarege.
Remainder of title ವಂದೇ ಮಾತರಂ ದಿಂದ ಜನಗಣಮನ ದವರಿಗೆ.
260 ## - PUBLICATION, DISTRIBUTION, ETC.
Place of publication, distribution, etc. Bangalore.
Name of publisher, distributor, etc. Loka Shikshana Trust Granthamale.,
Date of publication, distribution, etc. 2000
300 ## - PHYSICAL DESCRIPTION
Extent 288
520 ## - SUMMARY, ETC.
Summary, etc. The book gives a slice of Indian history with all the agonies and ecstasies. This is a first hand account of the people's struggle against a wily and cunning ruler, relying on the support of the fanatical Razakars. In 1939, the Nizam banned the singing of Vande Mataram which was disastrous.<br/>The author is Hyderabad born and as such knows the ins and outs of the happenings at that time. Hyderabad joined India on September 18, 1948 and this book is set in the period from the time when Vande Mataram was banned to the time when Hyderabad joined India. The details of atrocities committed at that time, the white paper on Hyderabad have been reproduced in the book.
650 ## - SUBJECT ADDED ENTRY--TOPICAL TERM
Topical term or geographic name entry element ಈ ಕೃತಿಯು ಹೈದರಾಬಾದ್ ವಿಮೋಚನಾ ಹೋರಾಟದ ಕಥೆಯನ್ನು (Saga of Hyderabad Freedom Struggle) ವಂದೇ ಮಾತರಂ ಮತ್ತು ಜನಗಣಮನ ಹಿನ್ನೆಲೆಯಲ್ಲಿ ವಿವರಿಸುತ್ತದೆ.
9 (RLIN) 263736
690 ## - LOCAL SUBJECT ADDED ENTRY--TOPICAL TERM (OCLC, RLIN)
Topical term or geographic name as entry element Indian History
9 (RLIN) 263735
906 ## - LOCAL DATA ELEMENT F, LDF (RLIN)
a 047727
942 ## - ADDED ENTRY ELEMENTS (KOHA)
Source of classification or shelving scheme Dewey Decimal Classification
Koha item type Book
Holdings
Withdrawn status Lost status Source of classification or shelving scheme Damaged status Not for loan Collection code Home library Current library Shelving location Date acquired Cost, normal purchase price Total Checkouts Full call number Barcode Date last seen Price effective from Koha item type
    Dewey Decimal Classification     History St Aloysius Library St Aloysius Library   02/17/2021 50.00   954.84K DESV 047727 02/17/2021 02/17/2021 Book